| 000 | 00603nam a2200193 i 4500 | ||
|---|---|---|---|
| 001 | 187412 | ||
| 003 | SpMaBN | ||
| 005 | 20230906222920.0 | ||
| 008 | 170630s1993 sp aco |||| | spa d | ||
| 020 | _a84-606-1156-6 | ||
| 080 | _a791/792(460.27 M.) | ||
| 245 | 0 | 0 |
_aMadrid 1992 _b: un año de cultura. |
| 260 |
_aMadrid : _bConcejalía de Cultura : _bPromadrid, _c[1993] |
||
| 300 |
_a314 p. : _bil. col. y n., fot. ; _c27 cm. |
||
| 650 | 7 |
_aFestivales- _zMadrid. _9163320 |
|
| 650 | 4 |
_aFiestas- _zMadrid. _9148385 |
|
| 710 | 1 |
_aMadrid. _bConcejalía de Cultura. _95574 |
|
| 852 |
_aES-MaACL _jL-31753 |
||
| 999 |
_c187412 _d187412 |
||